Music Quiz

Random Music or The Beatles Quiz

Figure Out the Lyrics (Beatles 9) Quiz Stats

Quiz Updated May 2, 2017

Challenge
Share
Tweet
Embed
Score 0/132 Timer 07:00
12 Plays Today
% Correct
I
98.9%
I
98.9%
I
98.9%
I
98.9%
I
98.9%
I
98.9%
I
98.9%
I
98.9%
I
98.9%
I
98.9%
I
98.9%
I
98.9%
you
92.3%
the
90.7%
the
90.7%
love
90.7%
love
90.7%
and
85.1%
and
85.1%
and
85.1%
and
85.1%
and
85.1%
me
85%
we
79.8%
we
79.8%
she
78.5%
she
78.5%
she
78.5%
she
78.5%
her
77.7%
her
77.7%
her
77.7%
her
77.7%
her
77.7%
her
77.7%
her
77.7%
her
77.7%
in
76.2%
in
76.2%
in
76.2%
when
72.3%
when
72.3%
when
72.3%
when
72.3%
% Correct
with
71.2%
with
71.2%
with
71.2%
with
71.2%
with
71.2%
there
66%
there
66%
there
66%
there
66%
there
66%
was
63.9%
was
63.9%
what
62.9%
see
62.4%
know
61.3%
that
60.8%
that
60.8%
saw
60.2%
saw
60.2%
saw
60.2%
saw
60.2%
saw
60.2%
so
59.9%
could
59.7%
could
59.7%
standing
58.4%
standing
58.4%
standing
58.4%
standing
58.4%
standing
58.4%
my
57.3%
at
56.8%
how
56%
too
54.9%
too
54.9%
way
54.3%
way
54.3%
just
53.7%
looked
51%
looked
51%
dance
50.5%
dance
50.5%
dance
50.5%
oh
49.7%
% Correct
oh
49.7%
oh
49.7%
oh
49.7%
oh
49.7%
Well
49.5%
well
49.5%
well
49.5%
well
49.5%
mean
49.2%
another
48.7%
another
48.7%
another
48.7%
fell
48.4%
seventeen
46.4%
mine
44.3%
fall
42.8%
beyond
42.7%
hand
42.2%
heart
42%
compare
40.8%
never
40.5%
night
40.4%
before
39.2%
before
39.2%
long
39.1%
long
39.1%
held
38.6%
held
38.6%
I'll
37.6%
other
37.2%
I'd
37%
Now
36.9%
wouldn't
36.9%
went
36.7%
each
36.2%
through
35.5%
tight
35.2%
danced
34.5%
room
32.1%
yeah
32%
boom
31.3%
crossed
29.8%
since
23.1%
since
23.1%

You're not logged in!

Compare scores with friends on all Sporcle quizzes.
Sign Up with Email
OR
Log In

You Might Also Like...

Show Comments

Extras

Top Quizzes Today


Score Distribution

Your Account Isn't Verified!

In order to create a playlist on Sporcle, you need to verify the email address you used during registration. Go to your Sporcle Settings to finish the process.